| 000 | 00547nam a22001937a 4500 | ||
|---|---|---|---|
| 003 | OSt | ||
| 005 | 20210312104752.0 | ||
| 008 | 210312s1965 ||||| |||| 00| 0 eng d | ||
| 040 |
_aeng _beng _cDLC |
||
| 041 | _aeng | ||
| 080 |
_a821.111 _bW-20 |
||
| 100 |
_91423 _aWaller Leslie |
||
| 245 |
_aThe Banker _c/ by: A Mayflower-Dell Paperback |
||
| 260 |
_aLondon _bA Mayflower-Dell Paperback _c1965 |
||
| 300 | _a589 p. | ||
| 650 | 0 |
_9247 _aEnglish literature |
|
| 653 | _aინგლისური ლიტერატურა | ||
| 942 |
_2udc _cBK |
||
| 999 |
_c2224 _d2224 |
||